00619cam a22002171 4500001001300000003000400013005001700017008004100034010001700075025001800092035002000110040001800130050001500148100003700163245002700200250003400227260004300261300001800304490004600322600003300368sa 65010290 DLC20260227112207.0870824s1964 pk 000 0 eng  asa 65010290  aPL480:P-E-726 a(OCoLC)16529319 aDLCcWaUdDLC00aBP75b.L321 aLane-Poole, Stanley,d1854-1931.14aThe Prophet and Islam. aAbridged from an ed. of 1879. aLahore,bNational Book Societyc[1964] a48 p.c19 cm.0 aNational Book Society. Publicationvno. 100aMuḥammad,cProphet,d-632.